Μια φωνή απ'τα κάτεργα : Κέρκυρα.
Αποθηκεύτηκε σε:
| Μορφή: | Βιβλίο |
|---|---|
| Γλώσσα: | Greek |
| Δημοσίευση: |
[χ.τ.] :
Πολιτικές και λογοτεχνικές εκδόσεις,
1952.
|
| Θέματα: | |
| Ετικέτες: |
Προσθήκη ετικέτας
Δεν υπάρχουν, Καταχωρήστε ετικέτα πρώτοι!
|
MARC
| LEADER | 00000cam a2200000 a 4500 | ||
|---|---|---|---|
| 001 | 1/114008 | ||
| 008 | 170518s1957####xx | ||| |||| ||gre|| | ||
| 040 | |a GR-MyUa |b gre |c GR-MyUa |e AACR2 | ||
| 041 | 0 | |a gre | |
| 082 | 7 | |a 938.774 |2 (23) | |
| 245 | 0 | 0 | |a Μια φωνή απ'τα κάτεργα : |b Κέρκυρα. |
| 260 | |a [χ.τ.] : |b Πολιτικές και λογοτεχνικές εκδόσεις, |c 1952. | ||
| 300 | |a 171 σ. ; |c 24 εκ. | ||
| 500 | |a Υπόμνημα των πολιτικών κρατουμένων των φυλακών Κέρκυρας. | ||
| 506 | 1 | |a Μόνο για ανάγνωση. Βρίσκεται σε ειδικό ράφι. Διαθέσιμο εάν ζητηθεί. | |
| 650 | 0 | |a Political prisoners |z Greece. | |
| 852 | |a INST |b LESVOS |e 20170518 |h 938.774 ΜΙΑ |p 005100059236 |q 005100059236 |t BK |y 0 | ||
| 970 | |a Τζαφέρη |b Ευαγγελία |z 18-05-2017 | ||